[Event "Saint Affrique op 22nd"]
[Site "Saint Affrique"]
[Date "2014.07.25"]
[Round "8"]
[White "Audigier, Robert"]
[Black "Daures, Florian"]
[Result "0-1"]
[WhiteElo "1298"]
[BlackElo "1160"]
[PlyCount "86"]
[EventDate "2014.07.19"]
[EventType "swiss"]
[EventRounds "9"]
[EventCountry "FRA"]
[SourceTitle "CBM 161 Extra"]
[Source "ChessBase"]
[SourceDate "2014.08.29"]
[SourceVersion "1"]
[SourceVersionDate "2014.08.29"]
[SourceQuality "1"]

1. d4 Nf6 2. c4 d5 3. Nc3 Nc6 4. Nf3 e6 5. e3 b6 6. Be2 Bb4 7. Bd2 0-0 8. 0-0 Ba6 9. Qa4 Qd6 10. Qxa6 Ng4 11. g3 g6 12. Qa4 a6 13. Qc2 Nf6 14. a3 Bxc3 15. Bxc3 Ne4 16. Bb4 Nxb4 17. axb4 Qxb4 18. cxd5 exd5 19. Rfd1 c5 20. b3 Rfc8 21. Qb1 Nc3 22. Qd3 c4 23. bxc4 dxc4 24. Qc2 a5 25. Ra4 Nxd1 26. Qxd1 Qb3 27. Ra1 Qxd1+ 28. Bxd1 c3 29. Bc2 b5 30. Ne5 a4 31. Nd3 a3 32. Nb4 Rc4 33. Nd5 b4 34. Nb6 b3 35. Nxc4 bxc2 36. Kg2 a2 37. d5 c1Q 38. Rxc1 a1Q 39. Rxc3 Qxc3 40. Nb6 Ra6 41. Nd7 Ra5 42. d6 Qc6+ 43. Kh3 Qxd7+ 0-1

[Event "Saint Affrique op 22nd"]
[Site "Saint Affrique"]
[Date "2014.07.24"]
[Round "7"]
[White "Gachon, Maxence"]
[Black "Daures, Florian"]
[Result "1-0"]
[WhiteElo "1442"]
[BlackElo "1160"]
[PlyCount "31"]
[EventDate "2014.07.19"]
[EventType "swiss"]
[EventRounds "9"]
[EventCountry "FRA"]
[SourceTitle "CBM 161 Extra"]
[Source "ChessBase"]
[SourceDate "2014.08.29"]
[SourceVersion "1"]
[SourceVersionDate "2014.08.29"]
[SourceQuality "1"]

1. d4 Nf6 2. c4 g6 3. Nc3 d5 4. cxd5 Nxd5 5. e4 Nxc3 6. bxc3 Bg7 7. Ba3 Nc6 8. Bb5 Bd7 9. Qb3 a6 10. Bxc6 Bxc6 11. d5 Bd7 12. Rc1 0-0 13. Qxb7 Qb8 14. Qxb8 Raxb8 15. f3 e6 16. c4 1-0

[Event "Saint Affrique op 22nd"]
[Site "Saint Affrique"]
[Date "2014.07.22"]
[Round "5"]
[White "Daures, Florian"]
[Black "Durand, Joris"]
[Result "0-1"]
[WhiteElo "1160"]
[BlackElo "1330"]
[PlyCount "54"]
[EventDate "2014.07.19"]
[EventType "swiss"]
[EventRounds "9"]
[EventCountry "FRA"]
[SourceTitle "CBM 161 Extra"]
[Source "ChessBase"]
[SourceDate "2014.08.29"]
[SourceVersion "1"]
[SourceVersionDate "2014.08.29"]
[SourceQuality "1"]

1. e4 c6 2. e5 d5 3. d4 Bf5 4. Bd3 Bxd3 5. Qxd3 e6 6. c3 Be7 7. Nf3 f6 8. Bf4 fxe5 9. Bxe5 Nf6 10. Ng5 Nbd7 11. Nxe6 Qb6 12. Nxg7+ Kf8 13. Ne6+ Kf7 14. Nc7 Rac8 15. Nxd5 cxd5 16. Bg3 Qxb2 17. Qd2 Qxa1 18. 0-0 Ne4 19. Qe2 Nxc3 20. Nxc3 Qxc3 21. Qh5+ Kf8 22. Be5 Nf6 23. Qh6+ Kf7 24. g3 Qf3 25. Rc1 Ng4 26. Rxc8 Qxf2+ 27. Kh1 Qxh2+ 0-1